| 000 | 00613nam a22001577a 4500 | ||
|---|---|---|---|
| 008 | 160526b xxu||||| |||| 00| 0 eng d | ||
| 082 |
_22015 _aUT 0583 _bSa71 |
||
| 100 |
_99105 _aSarcauga, Jessa Marie. |
||
| 245 |
_aCounting the Mathematicians: a tracer study of BSED Math graduates of UM Digos/ _cJessa Marie Sarcauga, Jessie Jade M. Salip and Victor C. Jutba Jr. |
||
| 260 |
_aDigos City: _bUMDC _cAugust 2015. |
||
| 300 |
_a47 pages; _c30 cm. |
||
| 650 | 0 |
_99104 _aEducation _vMathematics _xUndergraduate thesis. |
|
| 700 |
_99102 _aSalip, Jessie Jade M. |
||
| 700 |
_99103 _aJutba, Vietor C. _bJr. |
||
| 942 |
_2ddc _cUT |
||
| 999 |
_c2750 _d2750 |
||